Finnish Vocabulary Quiz: Kitchen Vocab - Statistics

General Stats
  • This quiz has been taken 35 times
  • The average score is 11 of 15
Answer Stats
Question Answer % Correct
To cook Laittaa ruokaa
96%
Refrigerator Jääkaappi
93%
Knife Veitsi
93%
To help in the kitchen Auttaa keittiössä
89%
Spice Mauste
86%
Oven Uuni
86%
Meal Ateria
82%
To wash the dishes Pestä astiat
82%
Dishwasher Astianpesukone
79%
To boil Kiehua
71%
Cook book Keittokirja
68%
Cutting board Leikkuulauta
61%
Range hood Liesituuletin
54%
Paper towel Talouspaperi
54%
Dinner is served. Illallinen on katettu.
46%
No matching quizzes found
Score Distribution
Percent of People with Each Score
Percentile by Number Answered
Your Score History
You have not taken this quiz